[Event "Moscow - Saint Petersburg (m/1 86/293"]
[Site "?"]
[Date "2002.??.??"]
[Round "?"]
[White "Grischuk, A."]
[Black "Sakaev, K."]
[Result "1/2-1/2"]
[WhiteElo "2702"]
[BlackElo "2647"]
[PlyCount "38"]
[EventDate "2002.??.??"]
[Source "Chess Informant"]
[SourceDate "2002.10.01"]

1. e4 e6 2. d4 d5 3. Nc3 Nf6 4. Bg5 dxe4 5. Nxe4 Be7 6. Bxf6 gxf6 7. Nf3 f5 8. Nc3 a6 9. Qe2 b5 10. O-O-O b4 11. Na4 Qd5 12. c4 Qa5 13. b3 Bd7 14. Nc5 Bxc5 15. dxc5 Nc6 16. Ng5 Rd8 17. Nxf7 Kxf7 18. Qh5+ Kg7 19. Qg5+ Kf7 1/2-1/2

[Event "VII Gibtelecom Masters"]
[Site "Caleta ING"]
[Date "2009.01.31"]
[Round "5"]
[White "Svidler, P."]
[Black "Gurevich, M."]
[Result "1-0"]
[WhiteElo "2723"]
[BlackElo "2624"]
[PlyCount "105"]
[EventDate "2009.01.27"]
[Source "www.chesslib.no"]
[SourceDate "2004.05.04"]

1. e4 e6 2. d4 d5 3. Nc3 Nf6 4. Bg5 dxe4 5. Nxe4 Nbd7 6. Nf3 h6 7. Nxf6+ Nxf6 8. Be3 Bd6 9. Bd3 b6 10. Ne5 Bb7 11. Bb5+ Kf8 12. Qe2 a6 13. Bd3 c5 14. O-O-O b5 15. c4 Qc7 16. f4 Ke7 17. f5 Rhd8 18. fxe6 bxc4 19. Bxc4 cxd4 20. Bxd4 Be4 21. Bc3 Bxe5 22. Bb4+ Rd6 23. Rhf1 Qc6 24. exf7 Rb8 25. Bxd6+ Bxd6 26. Rd4 Bxh2 27. Rxf6 gxf6 28. Qxe4+ Qxe4 29. Rxe4+ Be5 30. b3 a5 31. Kc2 Rd8 32. Rh4 Rh8 33. Kd3 h5 34. Bd5 f5 35. Ra4 Bc7 36. Rc4 Bd6 37. Rc6 h4 38. Ra6 Bb4 39. Kd4 f4 40. Ke4 f3 41. Kxf3 h3 42. gxh3 Rxh3+ 43. Kg4 Rh8 44. Rg6 Rh2 45. Rg8 Rf2 46. Re8+ Kd7 47. Be6+ Kc7 48. a4 Bd6 49. Bf5 Rb2 50. Rc8+ Kb7 51. f8=Q Bxf8 52. Rxf8 Rxb3 53. Bd7 1-0

[Event "Shenyang"]
[Site "?"]
[Date "2000.??.??"]
[Round "?"]
[White "Short, N."]
[Black "Gurevich, M."]
[Result "1-0"]
[WhiteElo "2675"]
[BlackElo "2665"]
[PlyCount "103"]
[EventDate "2000.??.??"]
[Source "Chess Informant"]
[SourceDate "2000.10.01"]

1. e4 e6 2. d4 d5 3. Nc3 Nf6 4. Bg5 dxe4 5. Nxe4 Be7 6. Bxf6 Bxf6 7. Nf3 O-O 8. Bc4 Nc6 9. c3 e5 10. d5 Nb8 11. Qe2 Bf5 12. Bd3 Bxe4 13. Bxe4 Nd7 14. O-O-O Be7 15. g4 Bd6 16. Kb1 Rb8 17. h4 b5 18. Ng5 g6 19. Bc2 b4 20. c4 Nc5 21. Qe3 Qf6 22. h5 h6 23. Ne4 Nxe4 24. Bxe4 g5 25. c5 Be7 26. Rc1 Rb5 27. Bf5 e4 28. Bxe4 Rfb8 29. Bd3 Ra5 30. Rh3 Bf8 31. Rf3 Qe7 32. Qxe7 Bxe7 33. d6 cxd6 34. c6 Rc8 35. c7 Rc5 36. Rxc5 dxc5 37. Bc4 Rxc7 38. Rxf7 Kh8 39. Kc2 Rd7 40. Kb3 a5 41. f3 Rd4 42. Rxe7 a4+ 43. Kxa4 Rxc4 44. Kb5 Rc2 45. b3 Kg8 46. Re5 Rxa2 47. Rxc5 Ra8 48. Kxb4 Rf8 49. Rf5 Rb8+ 50. Kc3 Rc8+ 51. Kb2 Rb8 52. f4 1-0

[Event "World Blitz"]
[Site "Moscow RUS"]
[Date "2007.11.22"]
[Round "23"]
[White "Savchenko, B."]
[Black "Morozevich, A."]
[Result "0-1"]
[WhiteElo "2583"]
[BlackElo "2755"]
[PlyCount "154"]
[EventDate "2007.11.21"]
[Source "www.chesslib.no"]
[SourceDate "2004.05.04"]

1. e4 e6 2. d4 d5 3. Nc3 Nf6 4. Bg5 dxe4 5. Nxe4 Be7 6. Bxf6 gxf6 7. Nf3 a6 8. g3 b5 9. Bg2 Bb7 10. Qe2 Bd5 11. Nc3 c6 12. Nxd5 cxd5 13. a4 b4 14. O-O Nd7 15. a5 O-O 16. Ne1 Bd6 17. Nd3 Kh8 18. Rfc1 Rc8 19. c3 bxc3 20. bxc3 Qc7 21. Nb2 Qa7 22. Qd2 Rb8 23. c4 Bb4 24. Qe3 dxc4 25. Nxc4 Rfd8 26. Bc6 Nf8 27. Rd1 Ng6 28. Qf3 Kg7 29. d5 Bc5 30. Kg2 Rb4 31. dxe6 Rxd1 32. Rxd1 Qe7 33. Ne3 Bxe3 34. Qxe3 Ne5 35. Be4 Qxe6 36. Ba8 Rb2 37. Rd2 Rb5 38. Qc3 h5 39. Rd4 Ng6 40. Be4 Ne7 41. Bd3 Rb3 42. Qc2 Ra3 43. Bc4 Qe5 44. Re4 Qc5 45. Qe2 Ng6 46. Bxa6 Rxa5 47. Bc4 h4 48. gxh4 Qf5 49. h5 Nf4+ 50. Rxf4 Qxf4 51. h6+ Qxh6 52. h3 Qf4 53. Qd3 Rg5+ 54. Kf1 Rf5 55. Qe2 Qf3 56. Qxf3 Rxf3 57. Kg2 Rc3 58. Bd5 f5 59. f4 Kg6 60. Bf3 Kf6 61. h4 Ke6 62. h5 f6 63. Kg3 Kd6 64. Kf2 Ke6 65. Ke2 Ra3 66. Kf2 Kd6 67. Ke2 Kc5 68. Kf2 Kd4 69. Kg3 Ra7 70. Bc6 Rh7 71. Be8 Ke3 72. Bg6 Rh8 73. Bf7 Ke4 74. Bg6 Rg8 75. Kf2 Kxf4 76. Bf7 Rh8 77. Bg6 Kg5 0-1

[Event "FIDE World Cup KO"]
[Site "Shenyang"]
[Date "2000.09.09"]
[Round "2.1"]
[White "Milos, Gilberto"]
[Black "Bareev, Evgeny"]
[Result "1/2-1/2"]
[WhiteElo "2633"]
[BlackElo "2702"]
[PlyCount "25"]
[EventDate "2000.08.07"]
[Source "ChessBase"]
[SourceDate "2000.11.21"]

1. e4 e6 2. d4 d5 3. Nc3 Nf6 4. Bg5 dxe4 5. Nxe4 Be7 6. Bxf6 Bxf6 7. Nf3 Nd7 8. Bc4 a6 9. Qe2 b5 10. Bb3 O-O 11. Rd1 Bb7 12. O-O c5 13. c3 1/2-1/2

[Event "FIDE World Cup KO"]
[Site "Shenyang"]
[Date "2000.09.10"]
[Round "2.3"]
[White "Milos, Gilberto"]
[Black "Bareev, Evgeny"]
[Result "0-1"]
[WhiteElo "2633"]
[BlackElo "2702"]
[PlyCount "188"]
[EventDate "2000.08.07"]
[Source "ChessBase"]
[SourceDate "2000.11.21"]

1. e4 e6 2. d4 d5 3. Nc3 Nf6 4. Bg5 dxe4 5. Nxe4 Be7 6. Bxf6 Bxf6 7. Nf3 Nd7 8. Bc4 a6 9. Qe2 b5 10. Bd5 Rb8 11. Nxf6+ Qxf6 12. O-O O-O 13. Bc6 Rb6 14. Bxd7 Bxd7 15. Ne5 Rd8 16. b4 Bc6 17. c3 Bd5 18. Qe3 Qe7 19. Rfe1 Re8 20. a4 Rd6 21. axb5 axb5 22. Ra5 f6 23. Nd3 c6 24. Qg3 Bc4 25. Nc5 Rdd8 26. Rea1 Qf7 27. Ra7 Re7 28. Ra8 Rxa8 29. Rxa8+ Re8 30. Ra6 e5 31. dxe5 Rxe5 32. Qxe5 fxe5 33. Ra8+ Qf8 34. Rxf8+ Kxf8 35. Nd7+ Ke7 36. Nxe5 Bd5 37. f3 Kd6 38. Nd3 Bc4 39. Nc5 Kd5 40. Kf2 Ba2 41. Ke3 Bb1 42. h4 h6 43. Ne4 Bc2 44. h5 Ke5 45. g4 Kd5 46. Nc5 Bh7 47. Kd2 Ke5 48. Nd3+ Kd5 49. Nf4+ Ke5 50. Ke3 Bb1 51. Ne2 Kd5 52. Nd4 Bh7 53. f4 g6 54. hxg6 Bxg6 55. Nf3 Bf7 56. Ne5 Be6 57. Kf3 Bg8 58. Kg3 Be6 59. Kh4 Ke4 60. g5 hxg5+ 61. Kxg5 Bd5 62. Ng6 Kd3 63. f5 Kxc3 64. Ne7 Bf7 65. Nxc6 Be8 66. f6 Kc4 67. Kf5 Kd5 68. Ne7+ Kc4 69. Ke6 Kxb4 70. Nd5+ Kc4 71. Ke7 Bh5 72. Nf4 b4 73. Nxh5 b3 74. f7 b2 75. f8=Q b1=Q 76. Qc8+ Kb3 77. Nf6 Qd3 78. Qb7+ Kc2 79. Nd5 Qh7+ 80. Kd6 Qxb7 81. Nf6 Kd3 82. Nd7 Kd4 83. Nf6 Qb8+ 84. Ke6 Qd8 85. Nd7 Qe8+ 86. Kd6 Qg6+ 87. Ke7 Kd5 88. Nf6+ Ke5 89. Nd7+ Kf5 90. Kd8 Qc6 91. Ke7 Qc7 92. Ke8 Ke6 93. Nf8+ Kd6 94. Ng6 Qg7 0-1

[Event "Frankfurt-West Masters"]
[Site "Frankfurt"]
[Date "1999.06.30"]
[Round "4"]
[White "Lutz, Christopher"]
[Black "Morozevich, Alexander"]
[Result "1-0"]
[WhiteElo "2610"]
[BlackElo "2723"]
[PlyCount "79"]
[EventDate "1999.06.29"]
[Source "ChessBase"]
[SourceDate "1999.10.01"]

1. e4 e6 2. d4 d5 3. Nc3 Nf6 4. Bg5 dxe4 5. Nxe4 Be7 6. Bxf6 gxf6 7. Nf3 a6 8. g3 b5 9. Bg2 Bb7 10. Qe2 Bd5 11. Nc3 c6 12. Nxd5 cxd5 13. c3 Nc6 14. a4 O-O 15. O-O Qb6 16. b4 Rfc8 17. Rfd1 Na7 18. a5 Qd8 19. Rd3 Rc6 20. Nd2 Nc8 21. Nb3 Nd6 22. Nc5 Nc4 23. g4 Bxc5 24. dxc5 Qc7 25. Rf1 Kg7 26. f4 h6 27. Rh3 Rh8 28. g5 f5 29. Qh5 Qd8 30. gxh6+ Kf8 31. Qg5 Rc8 32. Qg7+ Ke7 33. Re1 Rg8 34. Qd4 Rg6 35. h7 Qh8 36. Qxd5 Rd8 37. Qb7+ Kf6 38. Kh1 Qg7 39. Qc7 Rh8 40. Bd5 1-0

[Event "Havana"]
[Site "?"]
[Date "2006.11.25"]
[Round "5"]
[White "Bruzon Bautista Lazaro"]
[Black "Bareev Evgeny"]
[Result "1/2-1/2"]
[WhiteElo "2648"]
[BlackElo "2683"]
[PlyCount "51"]
[EventDate "2006.??.??"]
[Source "www.chesslib.no"]
[SourceDate "2004.05.04"]

1. e4 e6 2. d4 d5 3. Nc3 Nf6 4. Bg5 dxe4 5. Nxe4 Be7 6. Bxf6 Bxf6 7. Nf3 Nd7 8. Qd2 O-O 9. O-O-O Be7 10. Bd3 b6 11. h4 Bb7 12. Rh3 c5 13. Neg5 Nf6 14. Rg3 Qc7 15. Ne5 cxd4 16. Qf4 Bd6 17. Nxh7 Bxe5 18. Nxf6+ Kh8 19. Qg5 Bf4+ 20. Kb1 Bxg5 21. hxg5 gxf6 22. Rh3+ Kg8 23. gxf6 Qe5 24. Bh7+ Kh8 25. Bd3+ Kg8 26. Bh7+ 1/2-1/2

[Event "Moscow RUS"]
[Site "?"]
[Date "2005.12.21"]
[Round "3"]
[White "Khalifman Alexander"]
[Black "Bareev Evgeny"]
[Result "1/2-1/2"]
[WhiteElo "2653"]
[BlackElo "2675"]
[PlyCount "29"]
[EventDate "2005.??.??"]
[Source "www.chesslib.no"]
[SourceDate "2004.05.04"]

1. e4 e6 2. d4 d5 3. Nc3 Nf6 4. Bg5 dxe4 5. Nxe4 Nbd7 6. Nf3 h6 7. Nxf6+ Nxf6 8. Bh4 c5 9. Bc4 cxd4 10. O-O Be7 11. Qe2 O-O 12. Rad1 Qb6 13. Nxd4 Qxb2 14. Nf5 exf5 15. Qxe7 1/2-1/2

[Event "Merida"]
[Site "Merida"]
[Date "2000.06.13"]
[Round "1"]
[White "Polgar, Judit"]
[Black "Akopian, Vladimir"]
[Result "1/2-1/2"]
[WhiteElo "2658"]
[BlackElo "2660"]
[PlyCount "37"]
[EventDate "2000.06.13"]
[Source "ChessBase"]
[SourceDate "2000.10.18"]

1. e4 e6 2. d4 d5 3. Nc3 Nf6 4. Bg5 dxe4 5. Nxe4 Nbd7 6. Nf3 h6 7. Nxf6+ Nxf6 8. Bd2 c5 9. Bb5+ Bd7 10. Qe2 Bxb5 11. Qxb5+ Qd7 12. Qxd7+ Nxd7 13. dxc5 Bxc5 14. Bc3 f6 15. h4 h5 16. Nd2 Be7 17. O-O-O Nc5 18. Bd4 O-O-O 19. Nb3 1/2-1/2

[Event " Bundesliga 2004/2005"]
[Site "Germany"]
[Date "2004.11.27"]
[Round "3.1"]
[White "Volokitin, Andrei"]
[Black "Nielsen, Peter Heine"]
[Result "1-0"]
[WhiteElo "2652"]
[BlackElo "2663"]
[PlyCount "89"]
[EventDate "2005.11.11"]
[Source "Roberto Alvarez"]
[SourceDate "2004.12.06"]

1. e4 e6 2. d4 d5 3. Nc3 Nf6 4. Bg5 dxe4 5. Nxe4 Be7 6. Bxf6 Bxf6 7. Nf3 O-O 8. Qd2 Nd7 9. O-O-O Be7 10. Bd3 b6 11. Neg5 h6 12. Bh7+ Kh8 13. Be4 Bxg5 14. Nxg5 Rb8 15. Nf3 Nf6 16. Bc6 Qd6 17. Ne5 Ng4 18. Nxg4 Qxc6 19. Rhe1 Qd5 20. Re3 f6 21. Rg3 Qxa2 22. Ra3 Qd5 23. Rh3 Qg5 24. Qxg5 fxg5 25. Rc3 e5 26. Nxe5 Rxf2 27. Rxc7 Bf5 28. d5 Rb7 29. Rc6 Re7 30. g4 Rxe5 31. gxf5 Rfxf5 32. c4 Rf2 33. Rd2 Rxd2 34. Kxd2 Kg8 35. b4 Kf8 36. Rc8+ Re8 37. Rc7 Rd8 38. b5 Ra8 39. Kd3 a6 40. bxa6 Rxa6 41. Rb7 g4 42. Kd4 Ke8 43. Ke5 Kd8 44. Rxg7 h5 45. Ke6 1-0

[Event "Linares"]
[Site "?"]
[Date "1994.??.??"]
[Round "?"]
[White "Polgar, Judit"]
[Black "Bareev, E."]
[Result "1/2-1/2"]
[WhiteElo "2630"]
[BlackElo "2685"]
[PlyCount "92"]
[EventDate "1994.??.??"]
[Source "ChessBase"]
[SourceDate "1994.02.01"]

1. e4 e6 2. d4 d5 3. Nc3 Nf6 4. Bg5 dxe4 5. Nxe4 Be7 6. Bxf6 Bxf6 7. Nf3 O-O 8. Qd2 b6 9. Nxf6+ Qxf6 10. Bd3 Bb7 11. Ng5 h6 12. Nh7 Qxd4 13. Nxf8 Kxf8 14. c3 Qh4 15. O-O-O Bxg2 16. Rhg1 Bf3 17. Be4 Bxe4 18. Rg4 Qe7 19. Rxe4 Nc6 20. Rg1 Qd6 21. Qe2 Rd8 22. h4 h5 23. Qe3 Qd5 24. Kc2 Ne7 25. Qe2 Nf5 26. Rd1 Qxd1+ 27. Qxd1 Rxd1 28. Kxd1 Ke7 29. b4 a6 30. a4 f6 31. Ke2 Kd7 32. Rf4 Kc6 33. Rc4+ Kd6 34. b5 a5 35. Rf4 Kc5 36. Kd3 Nd6 37. Rf3 Nf5 38. Rf4 Kd6 39. Rc4 Kd7 40. Re4 Nd6 41. Re1 Ke7 42. f4 g6 43. Rg1 Kf7 44. c4 Nb7 45. Ke3 Nc5 46. Rd1 Ke7 1/2-1/2

[Event "Belfort"]
[Site "Belfort"]
[Date "2003.??.??"]
[Round "?"]
[White "Fressinet, L."]
[Black "Gurevich, M."]
[Result "1/2-1/2"]
[WhiteElo "2654"]
[BlackElo "2656"]
[PlyCount "35"]
[EventDate "2003.??.??"]
[Source "Chess Informant"]
[SourceDate "2003.10.01"]

1. e4 e6 2. d4 d5 3. Nc3 Nf6 4. Bg5 dxe4 5. Nxe4 Be7 6. Bxf6 Bxf6 7. Nf3 Nd7 8. Qd2 O-O 9. O-O-O b6 10. Bd3 Bb7 11. Qe2 Qe7 12. h4 c5 13. Neg5 g6 14. Be4 Bxe4 15. Nxe4 Bg7 16. h5 cxd4 17. hxg6 hxg6 18. Nxd4 1/2-1/2